Didáctica cinegética (Record no. 171725)

MARC details
000 -LEADER
campo de control de longitud fija 00778nam a22002175i 4500
001 - NÚMERO DE CONTROL
campo de control 171725
003 - IDENTIFICADOR DE NÚMERO DE CONTROL
campo de control ES-MaACL
005 - FECHA Y HORA DE LA ÚLTIMA TRANSACCIÓN
campo de control 20230906214718.0
008 - DATOS DE LONGITUD FIJA--INFORMACIÓN GENERAL
campo de control de longitud fija 090527s1959 sp |||| | spa d
080 ## - NÚMERO DE LA CLASIFICACIÓN DECIMAL UNIVERSAL
Número de la Clasificación Decimal Universal 799.2(02)
100 1# - ENTRADA PRINCIPAL--NOMBRE DE PERSONA
Nombre de persona Soler Lluch, Juan.
9 (RLIN) 140363
245 10 - MENCIÓN DEL TÍTULO
Título Didáctica cinegética
Resto del título : tratado de caza menor /
Mención de responsabilidad, etc. por Thaleka [seud.] ; transcripción de Juan Soler Lluch ; prólogo del Ilmo. don Joaquín España Cantos.
260 ## - PUBLICACIÓN, DISTRIBUCIÓN, ETC.
Lugar de publicación, distribución, etc. Barcelona :
Nombre del editor, distribuidor, etc. Pulide,
Fecha de publicación, distribución, etc. [1959]
300 ## - DESCRIPCIÓN FÍSICA
Extensión 319 p., 18 h. de lám. :
Otras características físicas il. ;
Dimensiones 20 cm.
490 1# - MENCIÓN DE SERIE
Mención de serie Biblioteca Cinegética ;
Designación de volumen o secuencia 1
650 #4 - PUNTO DE ACCESO ADICIONAL DE MATERIA--TÉRMINO DE MATERIA
Término de materia o nombre geográfico como elemento de entrada Caza.
9 (RLIN) 10857
700 1# - ENTRADA AGREGADA--NOMBRE PERSONAL
Nombre de persona España Cantos, Joaquín.
9 (RLIN) 47758
830 0# - PUNTO DE ACCESO ADICIONAL DE SERIE-TÍTULO UNIFORME
Título uniforme Biblioteca Cinegética ;
Designación de volumen o secuencia 1
9 (RLIN) 223208
852 ## - LOCALIZACIÓN
Ubicación ES-MaACL
Número de control de estantería C-17253
itemnumber R.45620
Holdings
Estatus retirado Estado de pérdida Estado de daño No para préstamo Biblioteca de origen Biblioteca actual Ubicación en estantería Fecha de adquisición Fuente de adquisición Total de préstamos Signatura topográfica completa Código de barras Visto por última vez Precio de reemplazo Tipo de ítem Koha
        Biblioteca del Ateneo de Madrid Biblioteca del Ateneo de Madrid Galería 27/05/2009     C-17253 1180210 23/02/2023 23/02/2023 Libro impreso